Statistics for Countries On (Or Bordering) The Arabian Peninsula

Click here to take the quiz!

General Stats

  • This quiz has been taken 20 times
  • The average score is 11 of 12

Answer Stats

Answer% Correct
Saudi Arabia
100%
Bahrain
90%
Iran
90%
Iraq
90%
Israel
90%
Jordan
90%
Oman
90%
Qatar
90%
Syria
90%
United Arab Emirates
90%
Yemen
90%
Kuwait
70%

Score Distribution

Percentile by Number Answered

Percent of People with Each Score

Your Score History

You have not taken this quiz